| 000 | 00807nam2a22002171 4500 | ||
|---|---|---|---|
| 001 | RU\NLR\A1SV\100997 | ||
| 005 | 20251203152403.2 | ||
| 035 | _a(NLR Aleph) 009782350 | ||
| 090 |
_a13485721 _c13485721 |
||
| 100 | _a20100209d1925 u y0rusy50 ca | ||
| 101 | 0 | _arus | |
| 200 | 0 | _aСб. № 1 | |
| 210 | _d[1925] | ||
| 215 | _a263 с. | ||
| 461 | 1 |
_1001RU\NLR\A1SV\100996 _12000#$aПеревал$e[Альманах]$fПод ред. Артема Веселого [и др.]$gПри ред. журн. Красная новь$vСб. № 1 _910100917 _cМ. _d[1925] _fПод ред. Артема Веселого [и др.] _nГос. изд-во _o[Альманах] _tПеревал _vСб. № 1 |
|
| 801 | 0 |
_aRU _bNLR _c20100209 |
|
| 852 |
_aNLR _j10/248-1 |
||
| 942 | _cBOOK | ||
| 980 | _aA1SV | ||
| 980 | _aNB | ||